000 00200 a2200097 4500
001 8592
100 _aMaqbool Jehangir
245 _aHakayat-e-Roomi
260 _a
_bFerozsons
_c
090 _c6914
_d6914
942 _aNUST-CAE
_cM
_c33505
999 _c243665
_d243665